00896nam a2200217 a 4500001001000000003000900010005001700019007000300036008004100039040002500080082002200105110005500127240001800182245019600200260007800396300002000474650005700494650004800551650003400599710004500633000038451DO-SdBNP20250422190738.0ta130411s2003 dr r 000 0 spa d aDO-SdBNPbspacBNPHU 4a347.05bR426m2221 aRepública Dominicana.bSuprema Corte de Justicia10a[Leyes, etc.]10aMedidas anticipadas a la vigencia del nuevo código procesal penal :bSuprema Corte de Justicia (resolución 1920-2003, procuraduría general de la República resolución no. 14786-2003. aSanto Domingo :bFudación Institucionalidad y Justicia (FINJUS),c2003. a76 p. ;c22 cm. 4aDerecho penalxLegislaciónzRepública Dominicana 4aProcedimiento penalzRepública Dominicana 4aLeyeszRepública Dominicana1 aFundación Institucionalidad y Justicia